000 00999nam a22002651u 4500
001 12660
003 HDC
007 cr bn ---
008 210209p2002 my eng
040 _aHDC
100 _aMohd. Norowi Hamid,
_eauthor
_912892
245 0 _aField efficacy of nucleopolyhedrovirus against armyworm, Spodoptera litura F. on tobacco /
_cby Mohd. Norowi Hamid, Hussan Abdul Kadir and Ahmad Said Sajap
260 _aSerdang :
_bMalaysian Agricultural Research and Development Institute (MARDI),
_c2002
300 _a1 page
336 _atext
_2rdacontent
337 _acomputer
_2rdamedia
338 _aonline resource
_2rdacarrier
650 _aNucleopolyhedrosis
_913446
650 _aSpodoptera litura
_913445
650 _aVirus
_913447
856 _zRequest full-text at [email protected]
942 _2lcc
942 _cAR
942 _kJART 003196
999 _c9983
_d9983